March Madness Teams Best Players 2025 - Statistics

General Stats
  • This quiz has been taken 87 times
  • The average score is 16 of 64
Answer Stats
Hint Answer % Correct
Duke Cooper Flagg
100%
Florida Walter Clayton
90%
Auburn Johni Broome
87%
Houston LJ Cryer
67%
Alabama Mark Sears
64%
Arizona Caleb Love
55%
Michigan State Jase Richardson
55%
North Carolina RJ Davis
55%
Maryland Derrick Queen
52%
Michigan Danny Wolf
49%
UC San Diego Aniwaniwa Tait-Jones
48%
Marquette Kam Jones
48%
Texas Tech Jt Toppin
46%
Oklahoma Jeremiah Fears
43%
Wisconsin John Tonje
42%
Creighton Ryan Kalkbrenner
42%
Texas A&M Wade Taylor
40%
Purdue Braden Smith
39%
Kansas Hunter Dickinson
37%
Ole Miss Sean Pedulla
31%
Tennessee Chaz Lanier
30%
St. John's Kadary Richmond
30%
Mississippi State Josh Hubbard
28%
Uconn Liam McNeeley
28%
Memphis PJ Haggerty
28%
Drake Bennett Stirtz
27%
Kentucky Otega Oweh
27%
BYU Richie Saunders
27%
Baylor V.J. Edgecombe
27%
SIU Edwardsville Ray'Sean Taylor
25%
Louisville Terrence Edwards
24%
Clemson Chase Hunter
22%
Missouri Mark Mitchell
22%
Georgia Asa Newell
21%
Vanderbilt Jason Edwards
21%
Arkansas D.J. Wagner
19%
Iowa State Keshon Gilbert
19%
Gonzaga Ryan Nembhard
19%
Colorado State Jaylen Crocker-Johnson
18%
New Mexico Donovan Dent
13%
Grand Canyon Tyon Grant-Foster
12%
Oregon Kwame Evans
10%
Akron Nate Johnson
10%
Illinois Kasparas Jakucionis
9%
Alabama State Amarr Knox
7%
Yale Bez Mbeng
6%
Xavier Zach Freemantle
6%
St. Mary's Augustas Marciulionis
3%
Bryant Earl Timberlake
3%
Lipscomb Jacob Ognacevic
3%
UCLA Tyler Bilodeau
3%
McNeese Javohn Garcia
1%
High Point Kezza Giffa
1%
Liberty Taelon Peter
1%
Robert Morris Alvaro Folgueiras
0%
UNC Wilmington Bo Montgomery
0%
Norfolk State Brian Moore
0%
Wofford Corey Tripp
0%
Utah St. Ian Martinez
0%
Montana Joe Pridgen
0%
Omaha Marquel Sutton
0%
VCU Max Shulga
0%
Troy Tayton Conerway
0%
Mount St. Marry's Xavier Lipscomb
0%
No matching quizzes found
Score Distribution
Percent of People with Each Score
Percentile by Number Answered
Your Score History
You have not taken this quiz